Hecettepe journal of biology and chemistry: official journal of faculty of science (Record no. 38228)

MARC details
000 -LEADER
fixed length control field 00488nam a2200169Ia 4500
022 ## - INTERNATIONAL STANDARD SERIAL NUMBER
ISSN 13035002
050 ## - CALL MARK
Classification number QP 501 .H43/
245 #0 - TITLE STATEMENT
Title Hecettepe journal of biology and chemistry: official journal of faculty of science
260 ## - PUBLICATION, DISTRIBUTION, ETC. (IMPRINT)
Place of publication Ankara
260 ## - PUBLICATION, DISTRIBUTION, ETC. (IMPRINT)
Name of publisher Hecettepe University, Faculty of Science
260 ## - PUBLICATION, DISTRIBUTION, ETC. (IMPRINT)
Year of publication 2013
300 ## - PHYSICAL DESCRIPTION
Number of Pages 86 p. : ill. ; 28 cm.
650 ## - SUBJECT ADDED ENTRY--TOPICAL TERM
Topical Term Biochemie--Periodical.
942 ## - ADDED ENTRY ELEMENTS (KOHA)
Koha item type Serials

No items available.